000 00823nam a2200253 i 4500
001 180799
003 ES-MaACL
005 20250821102024.0
008 120713s1991 sp aeo |||| | spa d
020 _a84-7679-199-2
080 _a72.032.77(460)
100 1 _aJiménez Salvador, José Luis.
_9150969
245 1 4 _aLas ciudades hispanorromanas /
_cpor José Luis Jiménez Salvador.
260 _aMadrid :
_bHistoria Viva,
_c[1991]
300 _aVIII, 31 p. :
_bil. col. y n. ;
_c24 cm.
490 1 _aCuadernos de arte español ;
_v30
504 _aBibliografía: p. 31.
594 _aEn cub.: Historia 16.
650 0 4 _aArte romano-
_zEspaña.
_910316
650 4 _aArquitectura romana.
_910056
830 0 0 _aCuadernos de arte español
_v30
_9191338
852 _aES-MaACL
_j2314-F-6
999 _c180799
_d180799